000 00823nam a2200253Ia 4500
003 OSt
005 20220923220927.0
006 a|||||r|||| 00| 0
007 ta
008 220922b |||||||| |||| 00| 0 hin d
024 _a192,344
037 _cTextual
040 _aARTS
_cARTS
_bhin
041 _2hin
_ahin
082 _aT1, 152F8
100 _aवर्मा, रामचन्द्र, अनु.
245 0 _aबाल शिक्षा
246 _aBāl shikṣhā
250 _aसंस्क0 2
260 _c1928
490 _aकाशी नागरी प्रचारिणी सभा, प्रकीर्णक पुस्तकमाला; 10
942 _hT1, 152F8
_cTEXL
_2CC
999 _c344964
_d344964